| 000 | 00604nam a22001935i 4500 | ||
|---|---|---|---|
| 001 | 171740 | ||
| 003 | ES-MaACL | ||
| 005 | 20250826132505.0 | ||
| 008 | 090527s1973 sp |||| | spa d | ||
| 020 | _a84-292-9027-3 | ||
| 080 | _a1 Marías, Julián | ||
| 100 | 1 |
_aSoler Planas, Juan. _9140374 |
|
| 245 | 1 | 3 |
_aEl pensamiento de Julián Marías / _cJuan Soler Planas. |
| 260 |
_aMadrid : _bRevista de Occidente, _c[1973] |
||
| 300 |
_a255 p. ; _c22 cm. |
||
| 600 | 1 | 7 |
_aMarías, Julián, _d1914-2005- _xCrítica e interpretación _2 _9139244 |
| 852 |
_aES-MaACL _jC-55957 |
||
| 999 |
_c171740 _d171740 |
||